Развитие стратегического управления в условиях нарастания неиндустриальной глобализации и неравномерно сти современного социально-экономического развития стран и территорий; Экономика России в XXI веке; Т. 2
| Источник: | Экономика России в XXI веке: сборник научных трудов XI Международной научно-практической конференции "Экономические науки и прикладные исследования: фундаментальные проблемы модернизации экономики России", посвященной 110-летию экономического образования в Томском политехническом университете, г. Томск, 18-22 ноября 2014 г./ Национальный исследовательский Томский политехнический университет (ТПУ) ; ред. кол. Г. А. Барышева [и др.].— , 2014 Т. 2.— 2014.— [С. 239-246] |
|---|---|
| Главный автор: | |
| Автор-организация: | |
| Другие авторы: | |
| Примечания: | Заглавие с титульного экрана В данной статье рассматривается развитие стратегического менеджмента как системы в целом, при современных условиях нарастания глобализации и в то же время неравнозначимости социально-экономических процессов, происходящих под влиянием научно-технической революции и нарастаю щим числом промышленных стран, переходящих к неоиндустриальной модели хозяйствования. В данной работе исследуется реализация системного подхода к формировании взаимосвязи национальных, региональных и корпоративных стратегий, которые в комплексе обеспечивают реализацию национальных, территориальных и корпоративных конкурентных преимуществ и стратегических способностей России в ее ориентире на достижение определенных позиций в мировом неоиндустри альном сообществе XXI в. столетия. |
| Язык: | русский |
| Опубликовано: |
2014
|
| Серии: | Менеджмент XXI века |
| Предметы: | |
| Online-ссылка: | http://www.lib.tpu.ru/fulltext/c/2014/C40/V2/050.pdf |
| Формат: | MixedMaterials Электронный ресурс Статья |
| Запись в KOHA: | https://koha.lib.tpu.ru/cgi-bin/koha/opac-detail.pl?biblionumber=610354 |
MARC
| LEADER | 00000naa2a2200000 4500 | ||
|---|---|---|---|
| 001 | 610354 | ||
| 005 | 20260402160318.0 | ||
| 035 | |a (RuTPU)RU\TPU\conf\7960 | ||
| 035 | |a RU\TPU\conf\7959 | ||
| 090 | |a 610354 | ||
| 100 | |a 20150120d2014 k y0rusy50 ca | ||
| 101 | 0 | |a rus | |
| 102 | |a RU | ||
| 135 | |a drgn ---uucaa | ||
| 181 | 0 | |a i | |
| 182 | 0 | |a b | |
| 200 | 1 | |a Развитие стратегического управления в условиях нарастания неиндустриальной глобализации и неравномерно сти современного социально-экономического развития стран и территорий |f С. З. Мусина |g науч. рук. К. А. Баннова | |
| 203 | |a Текст |c электронный | ||
| 225 | 1 | |a Менеджмент XXI века | |
| 300 | |a Заглавие с титульного экрана | ||
| 320 | |a [Библиогр.: с. 246 (6 назв.)] | ||
| 330 | |a В данной статье рассматривается развитие стратегического менеджмента как системы в целом, при современных условиях нарастания глобализации и в то же время неравнозначимости социально-экономических процессов, происходящих под влиянием научно-технической революции и нарастаю щим числом промышленных стран, переходящих к неоиндустриальной модели хозяйствования. В данной работе исследуется реализация системного подхода к формировании взаимосвязи национальных, региональных и корпоративных стратегий, которые в комплексе обеспечивают реализацию национальных, территориальных и корпоративных конкурентных преимуществ и стратегических способностей России в ее ориентире на достижение определенных позиций в мировом неоиндустри альном сообществе XXI в. столетия. | ||
| 337 | |a Adobe Reader | ||
| 461 | 1 | |0 (RuTPU)RU\TPU\conf\7533 |t Экономика России в XXI веке |o сборник научных трудов XI Международной научно-практической конференции "Экономические науки и прикладные исследования: фундаментальные проблемы модернизации экономики России", посвященной 110-летию экономического образования в Томском политехническом университете, г. Томск, 18-22 ноября 2014 г. |o в 2 т. |f Национальный исследовательский Томский политехнический университет (ТПУ) ; ред. кол. Г. А. Барышева [и др.] |d 2014 | |
| 463 | 0 | |0 (RuTPU)RU\TPU\conf\7539 |t Т. 2 |v [С. 239-246] |d 2014 | |
| 610 | 1 | |a труды учёных ТПУ | |
| 610 | 1 | |a электронный ресурс | |
| 610 | 1 | |a стратегическое управление | |
| 610 | 1 | |a глобализация | |
| 610 | 1 | |a социально-экономическое развитие | |
| 610 | 1 | |a стратегический менеджмент | |
| 700 | 1 | |a Мусина |b С. З. | |
| 702 | 1 | |a Баннова |b К. А. |c экономист |c ассистент кафедры Томского политехнического университета |f 1987- |g Кристина Алексеевна |4 727 | |
| 712 | 0 | 2 | |a Национальный исследовательский Томский политехнический университет (ТПУ) |b Институт социально-гуманитарных технологий (ИСГТ) |b Кафедра менеджмента (МЕН) |3 (RuTPU)RU\TPU\col\18855 |
| 801 | 2 | |a RU |b 63413507 |c 20150120 |g RCR | |
| 856 | 4 | |u http://www.lib.tpu.ru/fulltext/c/2014/C40/V2/050.pdf | |
| 942 | |c BK | ||